[Event "Porto Axis op"]
[Site "Porto"]
[Date "2014.03.13"]
[Round "3"]
[White "Morais, Vitor Mestre"]
[Black "Teles, Paulo Sergio"]
[Result "1-0"]
[WhiteElo "2033"]
[BlackElo "1637"]
[PlyCount "35"]
[EventDate "2014.03.11"]
[EventType "swiss"]
[EventRounds "7"]
[EventCountry "POR"]
[SourceTitle "EXT 2015"]
[Source "ChessBase"]
[SourceDate "2014.11.20"]
[SourceVersion "1"]
[SourceVersionDate "2014.11.20"]
[SourceQuality "1"]

1. d4 d5 2. Bf4 e6 3. Nf3 Bd6 4. Bg3 Nf6 5. e3 0-0 6. Bd3 Re8 7. Nbd2 Nbd7 8. Ne5 c5 9. c3 Qc7 10. f4 a6 11. 0-0 b5 12. Bh4 cxd4 13. exd4 h6 14. g4 Nh7 15. Qc2 Ndf8 16. Bg3 f6 17. Ng6 Nxg6 18. Bxg6 1-0

[Event "Porto Axis op"]
[Site "Porto"]
[Date "2014.03.12"]
[Round "2"]
[White "Teles, Paulo Sergio"]
[Black "Neto, Luis Antonio"]
[Result "1-0"]
[WhiteElo "1637"]
[BlackElo "1419"]
[PlyCount "55"]
[EventDate "2014.03.11"]
[EventType "swiss"]
[EventRounds "7"]
[EventCountry "POR"]
[SourceTitle "EXT 2015"]
[Source "ChessBase"]
[SourceDate "2014.11.20"]
[SourceVersion "1"]
[SourceVersionDate "2014.11.20"]
[SourceQuality "1"]

1. d4 d5 2. c4 e6 3. e3 f5 4. Nf3 Nf6 5. cxd5 exd5 6. Nc3 Ne4 7. Ne5 Bd6 8. Qh5+ g6 9. Nxg6 Nf6 10. Qh4 Rg8 11. Ne5 Bxe5 12. dxe5 Ne4 13. Qxd8+ Kxd8 14. Nxd5 Nc6 15. f4 b6 16. g3 Bb7 17. Bc4 Na5 18. Nxb6 Nxc4 19. Nxc4 Nd2 20. Bxd2 Bxh1 21. Ba5 Kc8 22. Rc1 Rb8 23. b3 Rg7 24. Nd6+ Kd8 25. Nxf5 Rd7 26. e6 Be4 27. exd7 Bxf5 28. Bxc7+ 1-0

[Event "Mondariz op 9th"]
[Site "Mondariz Balneario"]
[Date "2011.08.24"]
[Round "3.12"]
[White "Leiros Vila, Avelino"]
[Black "Teles, Paulo Sergio"]
[Result "1-0"]
[WhiteElo "2189"]
[BlackElo "1720"]
[PlyCount "69"]
[EventDate "2011.08.22"]
[EventType "swiss"]
[EventRounds "7"]
[EventCountry "ESP"]
[SourceTitle "EXT 2024"]
[Source "ChessBase"]
[SourceDate "2023.10.10"]
[SourceVersion "1"]
[SourceVersionDate "2023.10.10"]
[SourceQuality "1"]

1. c4 c5 2. g3 g6 3. Bg2 Bg7 4. Nc3 Nf6 5. e4 e5 6. Nge2 0-0 7. d3 d6 8. Rb1 Nc6 9. a3 Bg4 10. f3 Be6 11. 0-0 a6 12. Be3 Nd4 13. b4 Nxe2+ 14. Qxe2 Nd7 15. Qd2 Rb8 16. f4 exf4 17. gxf4 f5 18. exf5 Bxf5 19. Ne4 Bxe4 20. dxe4 cxb4 21. axb4 Nb6 22. Rbc1 Rc8 23. Rfd1 d5 24. Bxb6 Qxb6+ 25. c5 Qb5 26. exd5 a5 27. d6 axb4 28. d7 Rcd8 29. Qd5+ Kh8 30. Qxb7 Qxb7 31. Bxb7 Rxf4 32. c6 Bd4+ 33. Kg2 Rdf8 34. c7 Rf2+ 35. Kh1 1-0